000 00882nam a22002055i 4500
001 158120
003 ES-MaACL
005 20230906211025.0
008 021111s1896 po f |||| | fre d
040 _aCCPB | B
_bspa
_cCCPB | B
100 0 _aLoriol, P. de.
_974222
245 1 0 _aDescription des échinodermes tertiaires du Portugal /
_cpar P. de Loriol ; accompagnée d'un tableau stratigraphique par J. C. Berkeley Cotter.
260 _aLisbonne :
_b[s.n.],
_c1896 (
_fimprimerie de l'Académie Royale des Sciences)
300 _a50 p., [1] h. pleg., XIII h. de grab. ;
_c32 cm.
594 1 _aPrecede al tít.: "Direction des Travaux Géologiques du Portugal"
650 4 _aAnimales fósiles-
_zPortugal.
_9135568
700 2 1 _aBerkeley Cotter, J. C.,
_eadic.
_928044
752 _aPortugal -
_dLisboa
852 _aES-MaACL
_jG-6153(2)
_z-- Enc. hol. conservando la original
999 _c158120
_d158120